| 000 | 01285nam a22003257a 4500 | ||
|---|---|---|---|
| 003 | OSt | ||
| 005 | 20170709154559.0 | ||
| 008 | 170703s2013 sy a frb 000 0 ara d | ||
| 020 | _a9789933444822 | ||
| 040 |
_aEG-ScBUE _bara _cEG-ScBUE |
||
| 041 | 1 |
_aara _heng |
|
| 082 | 0 | 4 |
_222 _a327 _bم ن غ |
| 100 | 1 |
_aمنغنست، كارين إ.، _d1947- |
|
| 240 |
_aEssentials of international relations. _lArabic |
||
| 245 | 1 | 0 |
_aمبادئ العلاقات الدولية / _cتأليف كارين إ. منغنست، إيفان م. أريغوين-تفت ؛ ترجمة حسام الدين خضور. |
| 250 | _aط. 1. | ||
| 260 |
_aدمشق : _bدار الفرقد، _c2013. |
||
| 300 |
_a584 ص. : _bإيض. ؛ _c24 سم. |
||
| 504 | _aيشتمل على إرجاعات ببليوجرافية. | ||
| 541 | _aإهداء من أ. محمد فريد خميس. | ||
| 546 | _aالنص باللغة العربية ؛ مترجم من اللغة الإنجليزية. | ||
| 590 | _aعلياء عادل | ||
| 650 | 7 |
_940818 _aالعلاقات الخارجية _2BUEsh |
|
| 651 | _2BUEsh | ||
| 653 |
_bBUSBOL _cJuly2017 |
||
| 655 |
_vReading book _934232 |
||
| 700 | 1 | _aأريغوين-تفت، إيفان م. | |
| 700 | 1 |
_aخضور، حسام الدين، _eمترجم. |
|
| 942 | _2ddc | ||
| 999 |
_c24970 _d24942 |
||